ნორმალური ფორმატი
MARC ფორმატი
ჩანაწერი Personal Name
ჩანაწერთა რაოდენობა, რომელიც გამოყენებულია: 7
001 - CONTROL NUMBER
- control field: 14676
003 - CONTROL NUMBER IDENTIFIER
- control field: GE_BSU
005 - DATE AND TIME OF LATEST TRANSACTION
- control field: 20220922101401.0
008 - FIXED-LENGTH DATA ELEMENTS
- fixed length control field: 220922|| aca||aabn | a|a d
040 ## - CATALOGING SOURCE
- Original cataloging agency: GE_BSU
- Transcribing agency: GE_BSU
100 ## - HEADING--PERSONAL NAME
- Personal name: Cameron, P.J
- Relator term: Advisory Board
670 ## - SOURCE DATA FOUND
- Source citation: Work cat.: (GE_BSU)41065: Anderson,Ian. 14674, A First Course in Discrete Mathematics /
